000 00868cam a2200241 i 4500
003 SA-RiAUC
005 20241221144006.0
008 241217s1981 ua g 000 0 ara c
040 _aSA-MuMU
_bara
_cSA-RiAUC
_erda
082 0 4 _a253.902
090 _a253.902
_bب د ر
100 1 _aبدران، بدران أبو العينين
_eمؤلف.
245 1 0 _aأحكام الوصايا والأوقاف /
_cبدران أبو العينين بدران.
264 1 _aالإسكندرية، مصر :
_bمؤسسة شباب الجامعة،
_c1981
300 _a334 صفحة
336 _aنص
_btxt
_2rdacontent
_3كتاب
337 _aبدون وسيط
_bn
_2rdamedia
338 _aمجلد
_bnc
_2rdacarrier
650 7 _aالوصايا (فقه إسلامي)
_2aucsh
650 7 _aالوقف
_2aucsh
942 _2ddc
_cBOOK
_n0
949 _aSA-JeALM
_d241217
_uosman123
_n1
999 _c3736
_d3736